Life in a narrow place / (Record no. 1151)

MARC details
000 -LEADER
fixed length control field 00715pam a2200265 i 4500
005 - DATE AND TIME OF LATEST TRANSACTION
control field 20260322212049.0
008 - FIXED-LENGTH DATA ELEMENTS--GENERAL INFORMATION
fixed length control field data
010 ## - LIBRARY OF CONGRESS CONTROL NUMBER
LC control number 74006533
020 ## - INTERNATIONAL STANDARD BOOK NUMBER
International Standard Book Number 0679202862
020 ## - INTERNATIONAL STANDARD BOOK NUMBER
International Standard Book Number 9780679202868
040 ## - CATALOGING SOURCE
Original cataloging agency DLC
Transcribing agency DLC
Modifying agency DLC
043 ## - GEOGRAPHIC AREA CODE
Geographic area code n-us-az
050 00 - LIBRARY OF CONGRESS CALL NUMBER
Classification number E99.H3
Item number H57
082 00 - DEWEY DECIMAL CLASSIFICATION NUMBER
Classification number 979.1/59/00497
092 ## - LOCALLY ASSIGNED DEWEY CALL NUMBER (OCLC)
Classification number 979.1 H57 1976
001 - CONTROL NUMBER
control field data
100 1# - MAIN ENTRY--PERSONAL NAME
Personal name Hirst, Stephen,
Dates associated with a name 1939-
245 10 - TITLE STATEMENT
Title Life in a narrow place /
Statement of responsibility, etc. Stephen Hirst.
260 ## - PUBLICATION, DISTRIBUTION, ETC.
Place of publication, distribution, etc. New York :
Name of publisher, distributor, etc. D. McKay Co.,
Date of publication, distribution, etc. c1976.
300 ## - PHYSICAL DESCRIPTION
Extent xi, 302 p. :
Other physical details ill. ;
Dimensions 26 cm.
500 ## - GENERAL NOTE
General note Includes index.
504 ## - BIBLIOGRAPHY, ETC. NOTE
Bibliography, etc. note Bibliography: p. 285-287.
650 #0 - SUBJECT ADDED ENTRY--TOPICAL TERM
Topical term or geographic name entry element Havasupai Indians
General subdivision History.
650 #0 - SUBJECT ADDED ENTRY--TOPICAL TERM
Topical term or geographic name entry element Havasupai Indians
General subdivision Social life and customs.
Holdings
Withdrawn status Lost status Damaged status Not for loan Home library Current library Shelving location Date acquired Total checkouts Full call number Barcode Date last seen Price effective from Koha item type
        Franklin Franklin General stacks 22/03/2026   979.1/59/00497 BC0011189 22/03/2026 22/03/2026 Books